00795nam a22002297a 4500003000900000005001700009008004100026040003300067041000800100050001900108245007300127264007200200300003400272336002200306337002400328338002400352490002700376600004800403610003500451650005400486700002500540MX-MxINE20260530113919.0260518t1994 mx a|||| |||| 00| 0 spa d aMX-MxINEbspacMX-MxINEerda aspa aNK8914.A1bR43 aRebozos de la coleccion Robert Everts / cIrene Logan ... [y otros.] aMéxico, D.F. : bMuseo Franz Mayer : bArtes de México, cc1994 a59 páginas :bilustraciones 2rdacontentatexto 2rdamediaasin medio 2rdacarrieravolumen aColeccion Uso y estilo1 aEverts, Robert, d1875-1942xMuseos de arte aMuseo Franz MayervCatálogos 42Chales y mantonesvColecciones privadaszMéxico1 aLogan, Irene,eautor